000 00331 a2200157 4500
001 164007
020 _a
040 _cMagnum
100 _aRotello, John E.
240 1 0 _aSanto agostinho dia a dia
_lpor
245 1 0 _aSanto agostinho dia a dia
362 0 _a1899
440 1 _aLoyola
697 _aCRISTIANISMO
942 _cBK
999 _c164007
_d164007